Sapfi financial accounting / (Record no. 35635)
[ view plain ]
| 000 -LEADER | |
|---|---|
| fixed length control field | 00641nam a22001937a 4500 |
| 005 - DATE AND TIME OF LATEST TRANSACTION | |
| control field | 20100504112350.0 |
| 008 - FIXED-LENGTH DATA ELEMENTS--GENERAL INFORMATION | |
| fixed length control field | 100504t xxu||||| |||| 00| 0 eng d |
| 020 ## - INTERNATIONAL STANDARD BOOK NUMBER | |
| International Standard Book Number | 9788183333238 |
| Terms of availability | 360.00 |
| 037 ## - SOURCE OF ACQUISITION | |
| Source of stock number/acquisition | PUB |
| 040 ## - CATALOGING SOURCE | |
| Original cataloging agency | DPL |
| 100 ## - MAIN ENTRY--PERSONAL NAME | |
| Personal name | Narayanan, V. |
| 245 ## - TITLE STATEMENT | |
| Title | Sapfi financial accounting / |
| Statement of responsibility, etc | by V. Narayanan |
| 260 ## - PUBLICATION, DISTRIBUTION, ETC. (IMPRINT) | |
| Place of publication, distribution, etc | New Delhi |
| Name of publisher, distributor, etc | BPB Publications |
| Date of publication, distribution, etc | 2010 |
| 270 ## - ADDRESS | |
| Address | B-14,Connaught place, |
| City | New Delhi |
| Postal code | 110001 |
| 300 ## - PHYSICAL DESCRIPTION | |
| Extent | xxiv,, 396p. : |
| Dimensions | 24 cm. (Pbk) |
| Accompanying material | illu. |
| 500 ## - GENERAL NOTE | |
| General note | includes index |
| 942 ## - ADDED ENTRY ELEMENTS (KOHA) | |
| Source of classification or shelving scheme | Dewey Decimal Classification |
| Item type | English Books |
| Call number suffix | NAR |
| Withdrawn status | Lost status | Source of classification or shelving scheme | Damaged status | Not for loan | Home library | Current library | Date acquired | Cost, normal purchase price | Total Checkouts | Full call number | Date last seen | Cost, replacement price | Koha item type |
|---|---|---|---|---|---|---|---|---|---|---|---|---|---|
| Dewey Decimal Classification | Ordered | Andrews Gunj | Andrews Gunj | 04/05/2010 | 360.00 | NAR | 04/05/2010 | 360.00 | English Books |
